| 000 | 00438nam a2200157 a 4500 | ||
|---|---|---|---|
| 001 | 2121 | ||
| 003 | CDMR | ||
| 005 | 20130425174201.0 | ||
| 008 | 130130s1974||||||||||||||||||||||||||||d | ||
| 040 |
_aCDMR _bcat _cCDMR |
||
| 100 | 1 |
_aBlanco Campaña, José Luís _91578 |
|
| 245 | 1 | 3 |
_aLa llamada "prensa del corazón" _cJosé Luís Blanco Campaña |
| 260 |
_aBarcelona _c1974 |
||
| 650 | 0 | 4 |
_93099 _aSensacionalisme en la premsa |
| 942 |
_cTSN _2udc |
||
| 999 |
_c2121 _d2121 |
||